Guess the Decimal - Statistics

General Stats
  • This quiz has been taken 30 times
  • The average score is 16 of 24
Answer Stats
Fraction Decimal % Correct
1/4 .25
100%
1/8 .125
90%
2/3 .66
85%
1/10 .1
75%
1/1 1
75%
3/10 .3
75%
1/2 .5
75%
51/100 .51
75%
78/100 .78
75%
4/5 .8
75%
1/25 .04
70%
-1/5 -.2
70%
-5/8 -.625
70%
9/8 1.125
65%
-1/3 -.33
65%
32/100 .32
60%
3/8 .375
60%
1/30 .03
55%
32/5 6.4
55%
30/4 7.5
55%
105/200 .525
50%
8/9 .88
45%
3/7 ~.428
35%
40/75 .53
25%
No matching quizzes found
Score Distribution
Percent of People with Each Score
Percentile by Number Answered
Your Score History
You have not taken this quiz